000 00429nam a2200181Ia 4500
001 2843
005 20260306144837.0
008 260306t2012||||xx |||||||||||||| ||spa||
041 _aESP
082 _a230.2
_bT69 2015 T. 4
100 _aTomas de Aquino, Santo
_eAUT
245 0 _aSuma teológica
260 _c2012
300 _axiii, 1030 páginas :
_c20 cm.
650 _aGEN
654 _aCHU
942 _cLIB
_dJUS
_fJUS
_2ddc
_n
999 _c2843
_d2843